[Event "FRA-chT2 South 0809"]
[Site "France"]
[Date "2009.03.14"]
[Round "8.8"]
[White "Mapelle, Jacques"]
[Black "Cordonnier, Agnes"]
[Result "1-0"]
[WhiteElo "2003"]
[BlackElo "1630"]
[PlyCount "63"]
[EventDate "2008.10.12"]
[EventType "team-tourn"]
[EventRounds "11"]
[EventCountry "FRA"]
[SourceTitle "EXT 2010"]
[Source "ChessBase"]
[SourceDate "2010.11.25"]
[SourceVersion "1"]
[SourceVersionDate "2010.11.25"]
[SourceQuality "1"]
[WhiteTeam "Monaco"]
[BlackTeam "Clermont Ferrand"]
[WhiteTeamCountry "FRA"]
[BlackTeamCountry "FRA"]

1. d4 Nf6 2. c4 d6 3. Nf3 g6 4. Nc3 Bg7 5. e3 0-0 6. Bd3 Nbd7 7. 0-0 e5 8. dxe5 dxe5 9. e4 Nh5 10. Qe2 Nf4 11. Bxf4 exf4 12. Rac1 Ne5 13. Nxe5 Bxe5 14. Rfd1 Qg5 15. f3 Be6 16. b3 Kg7 17. Qe1 h5 18. Kh1 h4 19. h3 Bd4 20. Bf1 Be3 21. Rc2 c6 22. Re2 Bc5 23. e5 Bxh3 24. Ne4 Bxg2+ 25. Bxg2 Qe7 26. Nxc5 Qxc5 27. Bh3 g5 28. Rd7 b5 29. cxb5 cxb5 30. e6 Rae8 31. Re5 Qb6 32. Rxg5+ 1-0

[Event "FRA-chT2 South 0809"]
[Site "France"]
[Date "2009.01.17"]
[Round "5.8"]
[White "Cordonnier, Agnes"]
[Black "Vignette, Jeanne"]
[Result "1-0"]
[WhiteElo "1630"]
[BlackElo "1483"]
[PlyCount "71"]
[EventDate "2008.10.12"]
[EventType "team-tourn"]
[EventRounds "11"]
[EventCountry "FRA"]
[SourceTitle "EXT 2010"]
[Source "ChessBase"]
[SourceDate "2010.11.25"]
[SourceVersion "1"]
[SourceVersionDate "2010.11.25"]
[SourceQuality "1"]
[WhiteTeam "Clermont Ferrand"]
[BlackTeam "Saint Affrique"]
[WhiteTeamCountry "FRA"]
[BlackTeamCountry "FRA"]

1. e4 e5 2. Nf3 Nc6 3. d4 exd4 4. Nxd4 Bc5 5. Be3 Bxd4 6. Bxd4 Nf6 7. Nc3 0-0 8. Be2 Re8 9. f3 d6 10. 0-0 Nxd4 11. Qxd4 c5 12. Qd2 a6 13. Rad1 Be6 14. Qxd6 Qa5 15. a4 Rad8 16. Qg3 Qb6 17. e5 Nd7 18. Rb1 c4+ 19. Kh1 Qe3 20. f4 Qc5 21. Ne4 Qb4 22. Nf6+ Nxf6 23. exf6 g6 24. Qh4 Qf8 25. Rf3 Bd5 26. Rh3 h5 27. Bxh5 Qh6 28. Qg3 Be4 29. Bf3 Qxh3 30. Qxh3 Rd6 31. Re1 Bc6 32. Rxe8+ Bxe8 33. g3 b5 34. axb5 axb5 35. Qc8 Kf8 36. Qc5 1-0

[Event "FRA-chT2 South 0809"]
[Site "France"]
[Date "2008.12.14"]
[Round "4.8"]
[White "Cwiek, Perrine"]
[Black "Cordonnier, Agnes"]
[Result "1-0"]
[WhiteElo "1733"]
[BlackElo "1630"]
[PlyCount "45"]
[EventDate "2008.10.12"]
[EventType "team-tourn"]
[EventRounds "11"]
[EventCountry "FRA"]
[SourceTitle "EXT 2010"]
[Source "ChessBase"]
[SourceDate "2010.11.25"]
[SourceVersion "1"]
[SourceVersionDate "2010.11.25"]
[SourceQuality "1"]
[WhiteTeam "Condom"]
[BlackTeam "Clermont Ferrand"]
[WhiteTeamCountry "FRA"]
[BlackTeamCountry "FRA"]

1. e4 d5 2. exd5 Qxd5 3. Nc3 Qa5 4. d4 Nf6 5. Bd3 c6 6. Nge2 Bf5 7. b4 Qc7 8. Bxf5 e6 9. Bd3 Bxb4 10. Bd2 Bd6 11. Ng3 Nbd7 12. Nce4 0-0 13. Nxd6 Qxd6 14. c3 c5 15. Be3 cxd4 16. cxd4 e5 17. dxe5 Qxe5 18. 0-0 Rfd8 19. Qb3 b6 20. Bc4 Rf8 21. Rfe1 Qc7 22. Rac1 Qb7 23. Bd4 1-0